| 000 | 00673cab a2200229 4500 | ||
|---|---|---|---|
| 001 | WB3020-44 | ||
| 008 | 090401t1994 xxu||||| |||| 00| 0 eng d | ||
| 035 | _a(Sirsi) u58478 | ||
| 041 | _aeng | ||
| 245 | _aMilk quota boost | ||
| 260 | _c1994 | ||
| 350 | _a0 | ||
| 490 |
_aHerald _v24 May 1994, 17(1) |
||
| 520 | _aFinancial indicators of 1993-94 national quota year-end costings show that producers face the coming milk marketing changes with confidence. | ||
| 650 | _aDALGETY AGRICULTURE | ||
| 650 | _aINTERVENTION BOARD EXECUTIVE AGENCY | ||
| 650 | _aMILK MARKET | ||
| 650 | _aMILK QUOTAS | ||
| 690 | _aRURAL PRACTICE | ||
| 942 | _n0 | ||
| 948 | _c04/03/1997 | ||
| 999 |
_c35707 _d35707 |
||